00381nam a2200133 a 4500008004100000020001500041050001500056100001800071245004800089246003900137260003900176300002300215350000900238120416s0000 ||||||||||||||||| || u a0821337262 aIBRD(08)DP aYusuf, Shahid10aDeveloping the nonfarm sector in Bangladesh alessons from other Asian countries aWashington, D.C.bWorld Bankc1996 axviii, 95p. : ill. a0.00